000 00686nam a22001937a 4500
999 _c63333
_d63333
005 20250918162409.0
008 250918s2008 gw ||||| |||| 00| 0 goh d
020 _a9783423033435x
041 _agoh
080 _a821.112.09 B-78
100 _aBorries, Erika.
_925836
245 _aDeutsche Literaturgeschichte :
_bBand 3 /
_cErnst von Borries, Erika von Borries.
264 _aMünchen:
_bDeutscher Taschenbuch Verlag,
_c2008.
300 _a317 p.
_b20 cm.
653 _aგერმანული ლიტერატურის ისტორია
653 _aკლასიკა
700 _aBorries, Ernst
_eავტორი
_925837
942 _2udc
_cᲬᲘᲒᲜᲘ